Państwa w Unii Europejskiej - Statystyki

Ogólne statystyki
  • Ten quiz został rozwiązany 25 razy
  • Średni wynik to 24 z 27
Statystyki odpowiedzi
Państwo % Poprawnych
Czechy
100%
Hiszpania
100%
Polska
100%
Portugalia
100%
Belgia
96%
Dania
96%
Holandia
96%
Luksemburg
96%
Niemcy
96%
Słowacja
96%
Słowenia
96%
Szwecja
96%
Austria
92%
Finlandia
92%
Grecja
92%
Włochy
92%
Litwa
88%
Łotwa
88%
Węgry
88%
Chorwacja
83%
Estonia
83%
Francja
83%
Rumunia
83%
Bułgaria
79%
Irlandia
79%
Cypr
71%
Malta
71%
Nie znaleziono quizów pasujących do podanych kryteriów
Rozkład punktacji
Procent ludzi z każdym wynikiem
Percentyl według liczby udzielonych odpowiedzi
Twoja historia wyników
Nie rozwiązałeś tego quizu